Anagramme de joueurs de foot - Statistiques

Statistiques générales
  • Ce quiz a été pris 432 fois
  • Le résultat moyen est 14 sur 20
Statistiques - réponses
Hint Réponse % Correct
iavx Xavi
98%
kkaa Kaka
94%
üMrlle Müller
88%
oonaldr Ronaldo
88%
simse Messi
87%
fcuyfr Cruyff
86%
ilwodansekw Lewandowski
85%
honldinora Ronaldinho
85%
ahwe Weah
83%
oroks Kroos
81%
ubfonf Buffon
74%
darlamp Lampard
64%
mzeaebn Benzema
61%
brieyr Ribéry
56%
ryhne Henry
54%
tniapli Platini
51%
rovcnanaa Cannavaro
49%
enrue Neuer
47%
etainsi Iniesta
45%
hcohcetenvk Chevtchenko
41%
Aucun quiz correspondant
Distribution des résultats
% des personnes avec chaque résultat
Percentile par nombre de réponses
Votre historique - résultats
Vous n’avez pas pris ce quiz